Interferencias entre la migración, la situación conyugal y la descendencia: mujeres y varones peruanos en Buenos Aires entre siglos /
El objetivo del artículo es mostrar algunos características de la interferencia entre el fenómeno migratorio, la situación conyugal y la descendencia. Se consideran las formas en que las parejas encararon su migraron, así como el movimiento de los hijos y las experiencias de reunificación en el dest...
Guardado en:
| Autor principal: | |
|---|---|
| Formato: | Texto |
| Materias: | |
| Etiquetas: |
Agregar Etiqueta
Sin Etiquetas, Sea el primero en etiquetar este registro!
|
MARC
| LEADER | 00000 a a2200000 04500 | ||
|---|---|---|---|
| 001 | 43834 | ||
| 003 | |||
| 040 | |||
| 100 | |a Rosas, Carolina | ||
| 245 | |a Interferencias entre la migración, la situación conyugal y la descendencia: |b mujeres y varones peruanos en Buenos Aires entre siglos / |c Carolina Rosas | ||
| 520 | |a El objetivo del artículo es mostrar algunos características de la interferencia entre el fenómeno migratorio, la situación conyugal y la descendencia. Se consideran las formas en que las parejas encararon su migraron, así como el movimiento de los hijos y las experiencias de reunificación en el destino. El estudio muestra que las parejas optaron por la migración escalonada de ambos o de uno de sus miebros , y que en general, las mujeres fueron las pioneras. | ||
| 590 | |a RRH/NOVIEMBRE2012 | ||
| 650 | |a 1.MIGRACION | ||
| 650 | |a 2.FAMILIA | ||
| 650 | |a 3.GENERO | ||
| 650 | |a 4.RELACIONES DE PAREJA | ||
| 650 | |a 5.ARGENTINA | ||
| 773 | |g volumen6, número10 ( , 2009), páginas 9-25 : tablas, gráficos | ||
| 999 | |c 34216 |d 34216 | ||
